| 000 | 00545nam a2200181 a 4500 | ||
|---|---|---|---|
| 001 | 2527 | ||
| 005 | 20140414131853.0 | ||
| 008 | 050602s19uu xx 00 eng d | ||
| 020 | _a1-56293-895-9 | ||
| 050 |
_aM 636.7 _bN23 1996 |
||
| 100 | _aNayer, Judy | ||
| 245 |
_aDogs and puppies : _bat your fingertips / _cby Judy Nayer ; illustrated by Mary Badenhop. |
||
| 260 |
_aNew York : _bMcClanahan Book, _c1996. |
||
| 300 | _a1 v. p. : ill. ; cm. | ||
| 440 | _aAt your fingertips | ||
| 650 |
_aAnimals _xJuvenile literature. |
||
| 999 |
_c110277 _d110277 |
||